|
|
|
|
| LEADER |
01246nam a2200349 i 4500 |
| 001 |
38290 |
| 003 |
BD-DhAAL |
| 005 |
20220406125736.0 |
| 008 |
220403t2014 bg 000 0 eng |
| 999 |
|
|
|c 43949
|d 43949
|
| 010 |
|
|
|a 2014357123
|
| 020 |
|
|
|a 9789849088035
|
| 025 |
|
|
|a B-E-2014357123
|
| 037 |
|
|
|b Library of Congress -- New Delhi Overseas Office
|
| 040 |
|
|
|a DLC
|b eng
|e rda
|c DLC
|d BD-DhAAL
|
| 042 |
|
|
|a lcode
|
| 050 |
0 |
0 |
|a JZ1305
|b .S52 2014
|
| 082 |
|
|
|a 327.2
|2 23
|
| 100 |
1 |
|
|a Siddiqui, Kamal,
|e author.
|9 47640
|
| 245 |
1 |
0 |
|a Diplomacy and statecraft /
|c Kamal Siddiqui.
|
| 250 |
|
|
|a Third edition.
|
| 260 |
|
|
|a Dhaka :
|b Academic Press and Publishers Library,
|c 2014.
|
| 300 |
|
|
|a xxx, 418 pages ;
|c 23 cm.
|
| 504 |
|
|
|a Includes bibliographical references and index.
|
| 541 |
|
|
|a Donated By Akbar Ali Khan
|e 38290
|
| 650 |
|
0 |
|a Diplomacy.
|9 47641
|
| 650 |
|
0 |
|a World politics.
|9 47642
|
| 650 |
|
0 |
|a International relations.
|9 47643
|
| 650 |
|
0 |
|a Diplomacy.
|9 47641
|
| 852 |
|
|
|a Ayesha Abed Library
|c Akbar Ali Khan Collection
|
| 942 |
|
|
|2 ddc
|c BK
|
| 952 |
|
|
|0 0
|1 0
|2 ddc
|4 0
|6 327_200000000000000_SID
|7 1
|9 70339
|a BRACUL
|b BRACUL
|c AAKC
|d 2022-04-03
|e Donated by Akbar Ali Khan
|l 0
|o 327.2 SID
|p 3010038290
|r 2022-04-03
|t 1
|w 2022-04-03
|y BK
|